[Event "DEM U18w 2020"]
[Site "Willingen GER"]
[Date "2020.10.21"]
[Round "2"]
[White "Rempe, Janne"]
[Black "Tornay, Haizea"]
[Result "1/2-1/2"]
[Termination "normal"]
[Board "10"]
[WhiteElo "1517"]
[BlackElo "1659"]
[WhiteClock "00:23:09"]
[BlackClock "00:02:23"]
[PlyCount "79"]
[WhiteFideId "16202392"]
[BlackFideId "16205758"]
[EventCountry "GER"]
[EventRounds "7"]
[EventType "swiss"]
[EventDate "2020.10.19"]

1. d4 {[%clk 1:30:52]} Nf6 {[%clk 1:30:53]} 2. Nf3 {[%clk 1:31:06]} g6 {[%clk
1:31:16]} 3. Bf4 {[%clk 1:30:58]} Bg7 {[%clk 1:31:33]} 4. e3 {[%clk 1:30:43]}
O-O {[%clk 1:31:43]} 5. c3 {[%clk 1:29:50]} d5 {[%clk 1:29:00]} 6. Nbd2 {[%clk
1:28:45]} Nbd7 {[%clk 1:23:42]} 7. Bd3 {[%clk 1:26:33]} c5 {[%clk 1:22:18]} 8.
Nf1 {[%clk 1:23:04]} Qb6 {[%clk 1:19:31]} 9. b3 {[%clk 1:18:42]} Nh5 {[%clk
1:12:29]} 10. Bg5 {[%clk 1:15:09]} e5 {[%clk 1:08:02]} 11. dxe5 {[%clk
1:08:16]} Nxe5 {[%clk 1:05:16]} 12. Nxe5 {[%clk 1:06:19]} Bxe5 {[%clk 1:05:43]}
13. Rc1 {[%clk 1:05:03]} Be6 {[%clk 0:48:39]} 14. f4 {[%clk 1:01:44]} Bg7
{[%clk 0:39:18]} 15. f5 {[%clk 0:59:35]} Bd7 {[%clk 0:35:33]} 16. Be2 {[%clk
0:56:04]} Nf6 {[%clk 0:23:39]} 17. fxg6 {[%clk 0:56:05]} fxg6 {[%clk 0:19:21]}
18. Bxf6 {[%clk 0:54:26]} Qxf6 {[%clk 0:19:44]} 19. Qxd5+ {[%clk 0:53:35]} Be6
{[%clk 0:20:01]} 20. Qf3 {[%clk 0:49:44]} Qe5 {[%clk 0:15:00]} 21. Qxb7 {[%clk
0:48:04]} Bd5 {[%clk 0:11:37]} 22. Qxd5+ {[%clk 0:45:28]} Qxd5 {[%clk 0:11:21]}
23. Bc4 {[%clk 0:45:54]} Qxc4 {[%clk 0:11:12]} 24. bxc4 {[%clk 0:46:17]} Rab8
{[%clk 0:11:18]} 25. Rc2 {[%clk 0:43:08]} Rb1+ {[%clk 0:11:42]} 26. Ke2 {[%clk
0:43:12]} Rfb8 {[%clk 0:10:05]} 27. Ng3 {[%clk 0:42:20]} R1b2 {[%clk 0:08:40]}
28. Kd2 {[%clk 0:39:48]} Bh6 {[%clk 0:07:39]} 29. Re1 {[%clk 0:38:19]} a5
{[%clk 0:06:25]} 30. Ne4 {[%clk 0:34:19]} R2b6 {[%clk 0:04:27]} 31. Rf1 {[%clk
0:32:52]} Rd8+ {[%clk 0:03:47]} 32. Ke2 {[%clk 0:33:08]} Kg7 {[%clk 0:03:17]}
33. g4 {[%clk 0:32:51]} Re6 {[%clk 0:03:13]} 34. Nxc5 {[%clk 0:30:45]} Rxe3+
{[%clk 0:03:40]} 35. Kf2 {[%clk 0:30:57]} Re5 {[%clk 0:03:36]} 36. Nb3 {[%clk
0:29:48]} Re4 {[%clk 0:03:46]} 37. Nd4 {[%clk 0:27:56]} Kg8 {[%clk 0:02:11]}
38. h3 {[%clk 0:26:36]} Be3+ {[%clk 0:02:09]} 39. Kf3 {[%clk 0:26:28]} Rf4+
{[%clk 0:02:23]} 40. Ke2 {[%clk 0:23:09]} 1/2-1/2

[Event "DEM U18w 2020"]
[Site "Willingen GER"]
[Date "2020.10.21"]
[Round "3"]
[White "Fock, Amina"]
[Black "Schneider, Jana"]
[Result "0-1"]
[Termination "normal"]
[Board "1"]
[BlackTitle "FM"]
[WhiteElo "1840"]
[BlackElo "2270"]
[WhiteClock "00:01:27"]
[BlackClock "00:13:56"]
[PlyCount "76"]
[WhiteFideId "12981982"]
[BlackFideId "12924997"]
[EventCountry "GER"]
[EventRounds "7"]
[EventType "swiss"]
[EventDate "2020.10.19"]

1. e4 {[%clk 1:30:57]} e5 {[%clk 1:30:53]} 2. Nf3 {[%clk 1:31:21]} Nc6 {[%clk
1:31:17]} 3. Bb5 {[%clk 1:31:44]} a6 {[%clk 1:31:41]} 4. Ba4 {[%clk 1:32:08]}
Nf6 {[%clk 1:32:04]} 5. O-O {[%clk 1:32:29]} Be7 {[%clk 1:32:21]} 6. d3 {[%clk
1:32:39]} b5 {[%clk 1:32:05]} 7. Bb3 {[%clk 1:33:02]} d6 {[%clk 1:32:26]} 8. a3
{[%clk 1:33:15]} O-O {[%clk 1:32:07]} 9. Nc3 {[%clk 1:33:15]} Bg4 {[%clk
1:28:32]} 10. Be3 {[%clk 1:33:07]} Nd4 {[%clk 1:27:32]} 11. Bxd4 {[%clk
1:32:48]} exd4 {[%clk 1:27:54]} 12. Nd5 {[%clk 1:33:03]} c5 {[%clk 1:26:17]}
13. h3 {[%clk 1:27:26]} Be6 {[%clk 1:23:50]} 14. Nxf6+ {[%clk 1:19:41]} Bxf6
{[%clk 1:24:12]} 15. Bxe6 {[%clk 1:20:02]} fxe6 {[%clk 1:24:37]} 16. Qd2 {[%clk
1:15:42]} e5 {[%clk 1:21:36]} 17. c3 {[%clk 1:06:28]} dxc3 {[%clk 1:10:51]} 18.
Qxc3 {[%clk 1:00:21]} Rc8 {[%clk 1:07:53]} 19. a4 {[%clk 0:52:50]} Qe8 {[%clk
0:44:50]} 20. axb5 {[%clk 0:52:50]} axb5 {[%clk 0:45:12]} 21. Qb3+ {[%clk
0:43:58]} c4 {[%clk 0:42:23]} 22. Qb4 {[%clk 0:39:42]} Qc6 23. Ra5 {[%clk
0:29:15]} Rb8 {[%clk 0:30:38]} 24. Rc1 {[%clk 0:29:15]} Bd8 25. Ra3 {[%clk
0:27:55]} Bb6 {[%clk 0:29:26]} 26. dxc4 {[%clk 0:25:54]} Bc5 {[%clk 0:24:29]}
27. Qb3 {[%clk 0:25:41]} b4 {[%clk 0:24:24]} 28. Raa1 {[%clk 0:22:30]} Qxe4
{[%clk 0:24:08]} 29. Qc2 {[%clk 0:22:17]} Qf4 {[%clk 0:20:32]} 30. Rf1 {[%clk
0:18:46]} e4 {[%clk 0:19:40]} 31. Nh2 {[%clk 0:17:32]} h5 {[%clk 0:19:08]} 32.
Qe2 {[%clk 0:13:46]} Rf5 {[%clk 0:18:43]} 33. b3 {[%clk 0:10:48]} Rbf8 {[%clk
0:17:32]} 34. Ra2 {[%clk 0:10:00]} Bd4 {[%clk 0:14:48]} 35. Qd2 {[%clk
0:03:40]} e3 {[%clk 0:14:37]} 36. Qe2 {[%clk 0:03:18]} exf2+ {[%clk 0:14:38]}
37. Kh1 {[%clk 0:03:41]} Qg3 {[%clk 0:14:12]} 38. Rb1 {[%clk 0:01:27]} Rg5
{[%clk 0:13:56]} 0-1

[Event "DEM U18w 2020"]
[Site "Willingen GER"]
[Date "2020.10.21"]
[Round "3"]
[White "Naumenko, Valerija"]
[Black "Kobald, Jacqueline"]
[Result "0-1"]
[Termination "normal"]
[Board "2"]
[WhiteElo "1678"]
[BlackElo "1955"]
[WhiteClock "00:03:03"]
[BlackClock "00:14:35"]
[PlyCount "50"]
[WhiteFideId "16222890"]
[BlackFideId "12988162"]
[EventCountry "GER"]
[EventRounds "7"]
[EventType "swiss"]
[EventDate "2020.10.19"]

1. e4 {[%clk 1:30:58]} c5 {[%clk 1:30:53]} 2. Nc3 {[%clk 1:31:23]} Nc6 {[%clk
1:31:08]} 3. f4 {[%clk 1:31:47]} g6 {[%clk 1:31:17]} 4. Nf3 {[%clk 1:32:06]}
Bg7 {[%clk 1:31:29]} 5. Bb5 {[%clk 1:32:03]} Nd4 {[%clk 1:31:29]} 6. O-O {[%clk
1:31:44]} Nxb5 {[%clk 1:30:20]} 7. Nxb5 {[%clk 1:32:03]} d5 {[%clk 1:29:19]} 8.
e5 {[%clk 1:29:29]} d4 {[%clk 1:19:06]} 9. c3 {[%clk 1:21:54]} a6 {[%clk
1:12:54]} 10. Na3 {[%clk 1:22:04]} Bg4 {[%clk 1:11:33]} 11. h3 {[%clk 1:11:20]}
Bxf3 {[%clk 1:10:36]} 12. Qxf3 {[%clk 1:11:22]} Qd7 {[%clk 1:05:51]} 13. Nc4
{[%clk 1:06:36]} Rd8 {[%clk 1:05:33]} 14. Na3 {[%clk 0:44:27]} Nh6 {[%clk
1:04:00]} 15. g4 {[%clk 0:43:51]} O-O {[%clk 0:56:58]} 16. Re1 {[%clk 0:35:55]}
Kh8 {[%clk 0:45:04]} 17. Nc2 {[%clk 0:18:44]} e6 {[%clk 0:40:26]} 18. h4 {[%clk
0:14:17]} Ng8 {[%clk 0:36:55]} 19. b3 {[%clk 0:10:53]} dxc3 {[%clk 0:32:56]}
20. Qxc3 {[%clk 0:08:14]} f6 {[%clk 0:28:51]} 21. Ne3 {[%clk 0:05:55]} fxe5
{[%clk 0:27:14]} 22. fxe5 {[%clk 0:06:15]} Qc6 {[%clk 0:22:43]} 23. Bb2 {[%clk
0:03:47]} Qf3 {[%clk 0:17:41]} 24. Rf1 {[%clk 0:03:18]} Qg3+ {[%clk 0:17:22]}
25. Kh1 {[%clk 0:03:03]} Nh6 {[%clk 0:14:35]} 0-1

[Event "DEM U18w 2020"]
[Site "Willingen GER"]
[Date "2020.10.21"]
[Round "3"]
[White "Schiewe, Nadin"]
[Black "Nizamova, Rita"]
[Result "0-1"]
[Termination "normal"]
[Board "3"]
[WhiteElo "1660"]
[BlackElo "1684"]
[WhiteClock "00:46:16"]
[BlackClock "00:31:30"]
[PlyCount "58"]
[WhiteFideId "16209079"]
[BlackFideId "16221940"]
[EventCountry "GER"]
[EventRounds "7"]
[EventType "swiss"]
[EventDate "2020.10.19"]

1. d4 {[%clk 1:30:57]} Nf6 {[%clk 1:30:55]} 2. Nf3 {[%clk 1:31:20]} g6 {[%clk
1:31:20]} 3. e3 {[%clk 1:31:15]} Bg7 {[%clk 1:31:44]} 4. Bd3 {[%clk 1:31:07]}
d6 {[%clk 1:31:46]} 5. O-O {[%clk 1:28:44]} O-O {[%clk 1:31:42]} 6. Nbd2 {[%clk
1:27:56]} Nc6 {[%clk 1:31:09]} 7. c4 {[%clk 1:22:50]} e5 {[%clk 1:30:16]} 8. d5
{[%clk 1:22:28]} Ne7 {[%clk 1:30:37]} 9. b3 {[%clk 1:20:00]} Nd7 {[%clk
1:30:52]} 10. e4 {[%clk 1:18:15]} Nc5 {[%clk 1:29:56]} 11. Bc2 {[%clk 1:18:01]}
f5 {[%clk 1:30:11]} 12. exf5 {[%clk 1:16:02]} e4 {[%clk 1:20:50]} 13. fxg6
{[%clk 1:10:24]} Nxg6 {[%clk 1:16:23]} 14. Nxe4 {[%clk 1:06:22]} Nxe4 {[%clk
1:16:27]} 15. Bxe4 {[%clk 1:06:43]} Bxa1 {[%clk 1:16:40]} 16. Ng5 {[%clk
1:06:18]} Qe7 {[%clk 1:13:03]} 17. Qh5 {[%clk 1:04:13]} Bf5 {[%clk 1:09:34]}
18. Bxf5 {[%clk 1:00:43]} Rxf5 {[%clk 1:01:15]} 19. g4 {[%clk 0:59:11]} Rff8
{[%clk 0:53:43]} 20. Bd2 {[%clk 0:54:11]} Be5 {[%clk 0:52:52]} 21. Re1 {[%clk
0:53:41]} Nf4 {[%clk 0:51:03]} 22. Qh4 {[%clk 0:51:13]} Qg7 {[%clk 0:42:13]}
23. h3 {[%clk 0:47:40]} Nd3 {[%clk 0:39:19]} 24. Re2 {[%clk 0:47:42]} Bf6
{[%clk 0:36:39]} 25. Qh5 {[%clk 0:46:39]} Bxg5 {[%clk 0:34:40]} 26. Bxg5 {[%clk
0:47:02]} Qa1+ {[%clk 0:33:25]} 27. Kg2 {[%clk 0:46:58]} Ne1+ {[%clk 0:33:01]}
28. Kg3 {[%clk 0:46:26]} Qc3+ {[%clk 0:32:19]} 29. Kh2 {[%clk 0:46:16]} Qf3
{[%clk 0:31:30]} 0-1

[Event "DEM U18w 2020"]
[Site "Willingen GER"]
[Date "2020.10.21"]
[Round "3"]
[White "Müdder, Melanie"]
[Black "Grining, Maria"]
[Result "1-0"]
[Termination "normal"]
[Board "4"]
[WhiteElo "2039"]
[BlackElo "1768"]
[WhiteClock "00:16:45"]
[BlackClock "00:42:12"]
[PlyCount "83"]
[WhiteFideId "12994103"]
[BlackFideId "16235037"]
[EventCountry "GER"]
[EventRounds "7"]
[EventType "swiss"]
[EventDate "2020.10.19"]

1. e4 {[%clk 1:30:57]} e6 {[%clk 1:30:55]} 2. d4 {[%clk 1:31:13]} d5 {[%clk
1:31:17]} 3. Bd3 {[%clk 1:29:20]} dxe4 {[%clk 1:31:26]} 4. Bxe4 {[%clk
1:29:44]} Nf6 {[%clk 1:31:06]} 5. Bf3 {[%clk 1:30:06]} c5 {[%clk 1:31:02]} 6.
Ne2 {[%clk 1:30:16]} Nc6 {[%clk 1:31:03]} 7. Be3 {[%clk 1:29:13]} cxd4 {[%clk
1:31:21]} 8. Nxd4 {[%clk 1:27:50]} Ne5 {[%clk 1:31:31]} 9. Be2 {[%clk 1:19:24]}
Nd5 {[%clk 1:31:50]} 10. Bc1 {[%clk 1:16:44]} Be7 {[%clk 1:31:27]} 11. O-O
{[%clk 1:08:45]} O-O {[%clk 1:30:49]} 12. c4 {[%clk 0:58:47]} Nf6 {[%clk
1:28:08]} 13. Nc3 {[%clk 0:51:27]} a6 {[%clk 1:27:49]} 14. Be3 {[%clk 0:45:34]}
Ng6 {[%clk 1:27:17]} 15. Qc2 {[%clk 0:42:24]} e5 {[%clk 1:21:19]} 16. Nf5
{[%clk 0:39:43]} Be6 {[%clk 1:17:29]} 17. Rad1 {[%clk 0:35:56]} Qc7 {[%clk
1:17:12]} 18. Nxe7+ {[%clk 0:35:14]} Nxe7 {[%clk 1:16:34]} 19. b3 {[%clk
0:31:48]} Rad8 {[%clk 1:12:20]} 20. Bd3 {[%clk 0:27:12]} Nc6 {[%clk 1:10:35]}
21. Bg5 {[%clk 0:20:53]} Nb4 {[%clk 1:04:57]} 22. Qe2 {[%clk 0:16:39]} Nxd3
{[%clk 0:53:23]} 23. Rxd3 {[%clk 0:16:59]} Rxd3 {[%clk 0:47:53]} 24. Qxd3
{[%clk 0:17:14]} Ng4 {[%clk 0:44:49]} 25. Qg3 {[%clk 0:15:21]} h6 {[%clk
0:41:52]} 26. Bc1 {[%clk 0:13:58]} Kh8 {[%clk 0:34:29]} 27. h3 {[%clk 0:12:32]}
Nf6 {[%clk 0:34:30]} 28. Qh4 {[%clk 0:10:52]} Kg8 {[%clk 0:30:27]} 29. Bxh6
{[%clk 0:08:17]} gxh6 {[%clk 0:23:49]} 30. Qxf6 {[%clk 0:08:40]} Kh7 {[%clk
0:23:33]} 31. Re1 {[%clk 0:04:47]} Rg8 {[%clk 0:21:19]} 32. Qxe5 {[%clk
0:04:22]} Qxe5 {[%clk 0:16:29]} 33. Rxe5 {[%clk 0:04:48]} Bxh3 {[%clk 0:16:48]}
34. g3 {[%clk 0:05:12]} f6 {[%clk 0:14:31]} 35. Re7+ {[%clk 0:03:59]} Rg7
{[%clk 0:14:50]} 36. Rxg7+ {[%clk 0:03:38]} Kxg7 {[%clk 0:15:15]} 37. f3 {[%clk
0:03:36]} h5 {[%clk 0:15:01]} 38. Kf2 {[%clk 0:03:34]} Bf5 {[%clk 0:14:42]} 39.
Ke3 {[%clk 0:03:37]} Kf7 {[%clk 0:14:10]} 40. Kd4 {[%clk 0:03:17]} Bd7 {[%clk
0:13:57]} 41. Kc5 {[%clk 0:19:40]} Bc6 {[%clk 0:42:12]} 42. Nd5 {[%clk
0:16:45]} 1-0

[Event "DEM U18w 2020"]
[Site "Willingen GER"]
[Date "2020.10.21"]
[Round "3"]
[White "Ehmann, Johanna"]
[Black "Peglau, Sarah"]
[Result "1-0"]
[Termination "normal"]
[Board "5"]
[WhiteElo "1846"]
[BlackElo "1699"]
[WhiteClock "00:49:56"]
[BlackClock "00:34:21"]
[PlyCount "29"]
[WhiteFideId "12953130"]
[BlackFideId "16219961"]
[EventCountry "GER"]
[EventRounds "7"]
[EventType "swiss"]
[EventDate "2020.10.19"]

1. e4 {[%clk 1:30:58]} e6 {[%clk 1:30:53]} 2. d4 {[%clk 1:31:20]} d5 {[%clk
1:31:20]} 3. exd5 {[%clk 1:31:42]} exd5 {[%clk 1:31:48]} 4. Nf3 {[%clk
1:32:01]} Bd6 {[%clk 1:31:27]} 5. c4 {[%clk 1:31:49]} dxc4 {[%clk 1:30:30]} 6.
Bxc4 {[%clk 1:31:55]} Ne7 {[%clk 1:28:02]} 7. Ng5 {[%clk 1:26:21]} Bb4+ {[%clk
1:18:44]} 8. Nc3 {[%clk 1:23:44]} Nd5 {[%clk 1:13:20]} 9. O-O {[%clk 1:20:15]}
Bxc3 {[%clk 1:06:01]} 10. bxc3 {[%clk 1:15:05]} O-O {[%clk 0:56:47]} 11. Qh5
{[%clk 0:55:28]} Nf6 {[%clk 0:49:46]} 12. Bxf7+ {[%clk 0:51:08]} Kh8 {[%clk
0:50:05]} 13. Qh4 {[%clk 0:50:24]} Qe7 {[%clk 0:39:02]} 14. Nxh7 {[%clk
0:49:35]} Qxf7 {[%clk 0:34:21]} 15. Nxf6+ {[%clk 0:49:56]} 1-0

[Event "DEM U18w 2020"]
[Site "Willingen GER"]
[Date "2020.10.21"]
[Round "3"]
[White "Mundt, Alexandra"]
[Black "Kühne, Maria"]
[Result "1-0"]
[Termination "normal"]
[Board "7"]
[WhiteElo "1786"]
[BlackElo "1590"]
[WhiteClock "00:15:19"]
[BlackClock "00:24:14"]
[PlyCount "93"]
[WhiteFideId "16217276"]
[BlackFideId "12997412"]
[EventCountry "GER"]
[EventRounds "7"]
[EventType "swiss"]
[EventDate "2020.10.19"]

1. e4 {[%clk 1:30:58]} d5 {[%clk 1:30:56]} 2. exd5 {[%clk 1:31:24]} Qxd5 {[%clk
1:31:21]} 3. Nc3 {[%clk 1:31:41]} Qd6 {[%clk 1:31:47]} 4. d4 {[%clk 1:32:02]}
g6 {[%clk 1:32:14]} 5. Nf3 {[%clk 1:31:44]} Bg7 {[%clk 1:32:37]} 6. h3 {[%clk
1:31:04]} Nf6 {[%clk 1:32:55]} 7. Be3 {[%clk 1:29:36]} O-O {[%clk 1:33:15]} 8.
Qd2 {[%clk 1:28:52]} a6 {[%clk 1:33:30]} 9. Be2 {[%clk 1:27:27]} Bf5 {[%clk
1:27:22]} 10. O-O {[%clk 1:16:28]} Nbd7 {[%clk 1:24:18]} 11. Bf4 {[%clk
1:15:43]} Qb6 {[%clk 1:13:42]} 12. Qc1 {[%clk 0:51:16]} c6 {[%clk 1:08:26]} 13.
Rd1 {[%clk 0:43:02]} Rac8 {[%clk 1:02:21]} 14. Be3 {[%clk 0:34:49]} Nd5 {[%clk
0:59:40]} 15. Nxd5 {[%clk 0:34:42]} cxd5 {[%clk 1:00:05]} 16. c3 {[%clk
0:35:06]} Nf6 {[%clk 0:58:39]} 17. Ne5 {[%clk 0:31:15]} Qd8 {[%clk 0:50:10]}
18. Bd3 {[%clk 0:23:48]} Bxd3 {[%clk 0:49:40]} 19. Rxd3 {[%clk 0:23:41]} Nd7
{[%clk 0:46:50]} 20. Bh6 {[%clk 0:21:17]} Qc7 {[%clk 0:43:25]} 21. Bxg7 {[%clk
0:19:15]} Kxg7 {[%clk 0:43:49]} 22. Ng4 {[%clk 0:19:40]} Qd6 {[%clk 0:35:57]}
23. Qh6+ {[%clk 0:16:59]} Kg8 {[%clk 0:32:54]} 24. Re1 {[%clk 0:16:40]} Nf6
{[%clk 0:32:06]} 25. Nxf6+ {[%clk 0:15:42]} Qxf6 {[%clk 0:32:22]} 26. Re5
{[%clk 0:15:49]} e6 {[%clk 0:32:33]} 27. Rf3 {[%clk 0:15:41]} Qg7 {[%clk
0:29:18]} 28. Qd2 {[%clk 0:14:22]} b5 29. Qe2 {[%clk 0:12:06]} Rc6 {[%clk
0:25:56]} 30. h4 Re8 {[%clk 0:22:35]} 31. h5 {[%clk 0:11:54]} f6 {[%clk
0:18:57]} 32. Rxd5 {[%clk 0:10:56]} Qf7 {[%clk 0:15:20]} 33. hxg6 {[%clk
0:09:57]} hxg6 {[%clk 0:15:43]} 34. Rc5 {[%clk 0:10:18]} Rxc5 {[%clk 0:11:48]}
35. dxc5 {[%clk 0:10:46]} e5 {[%clk 0:11:34]} 36. b4 {[%clk 0:09:19]} e4 {[%clk
0:09:43]} 37. Re3 {[%clk 0:08:20]} f5 {[%clk 0:09:37]} 38. f3 {[%clk 0:07:23]}
Qd5 {[%clk 0:09:19]} 39. fxe4 {[%clk 0:02:12]} Rxe4 {[%clk 0:08:37]} 40. Rxe4
{[%clk 0:03:03]} fxe4 {[%clk 0:08:55]} 41. Qc2 {[%clk 0:00:39]} Kg7 {[%clk
0:08:43]} 42. Qe2 {[%clk 0:25:31]} Kf6 {[%clk 0:33:22]} 43. Qf2+ {[%clk
0:19:21]} Ke6 {[%clk 0:33:08]} 44. Qd4 {[%clk 0:18:19]} Qc6 {[%clk 0:32:53]}
45. Kf2 {[%clk 0:16:50]} Kf5 {[%clk 0:30:03]} 46. Ke3 {[%clk 0:15:52]} g5
{[%clk 0:24:14]} 47. g4+ {[%clk 0:15:19]} 1-0

[Event "DEM U18w 2020"]
[Site "Willingen GER"]
[Date "2020.10.21"]
[Round "3"]
[White "Sokolowski, Judith"]
[Black "Albayrak, Berrak"]
[Result "0-1"]
[Termination "normal"]
[Board "8"]
[WhiteElo "1794"]
[BlackElo "1433"]
[WhiteClock "00:00:51"]
[BlackClock "00:23:26"]
[PlyCount "82"]
[WhiteFideId "16200624"]
[BlackFideId "16241657"]
[EventCountry "GER"]
[EventRounds "7"]
[EventType "swiss"]
[EventDate "2020.10.19"]

1. e4 {[%clk 1:30:58]} d6 {[%clk 1:30:57]} 2. d4 {[%clk 1:31:24]} Nf6 {[%clk
1:31:18]} 3. Nc3 {[%clk 1:31:48]} g6 {[%clk 1:31:41]} 4. Bc4 {[%clk 1:31:02]}
Bg7 {[%clk 1:31:56]} 5. Qe2 {[%clk 1:31:00]} a6 {[%clk 1:28:45]} 6. e5 {[%clk
1:28:55]} Nfd7 {[%clk 1:16:38]} 7. Bxf7+ {[%clk 1:20:10]} Kxf7 {[%clk 1:11:11]}
8. e6+ {[%clk 1:19:56]} Ke8 {[%clk 1:09:43]} 9. exd7+ {[%clk 1:19:45]} Nxd7
{[%clk 1:04:05]} 10. Nf3 {[%clk 1:17:11]} Nf6 {[%clk 0:55:15]} 11. h3 {[%clk
1:10:38]} Rf8 {[%clk 0:44:14]} 12. Ng5 {[%clk 1:00:24]} Qd7 {[%clk 0:37:23]}
13. Bd2 {[%clk 0:55:47]} h6 {[%clk 0:33:34]} 14. Nf3 {[%clk 0:53:01]} Qe6
{[%clk 0:30:49]} 15. Be3 {[%clk 0:44:24]} Nd5 {[%clk 0:28:04]} 16. Nxd5 {[%clk
0:36:18]} Qxd5 {[%clk 0:28:23]} 17. c4 {[%clk 0:35:36]} Qe4 {[%clk 0:24:47]}
18. Nd2 {[%clk 0:31:21]} Qxg2 {[%clk 0:17:56]} 19. O-O-O {[%clk 0:29:56]} Qc6
{[%clk 0:16:15]} 20. Kb1 {[%clk 0:24:35]} Bf5+ {[%clk 0:15:10]} 21. Ka1 {[%clk
0:24:10]} b5 {[%clk 0:11:26]} 22. d5 {[%clk 0:19:29]} Qb7 {[%clk 0:09:59]} 23.
Nb3 {[%clk 0:15:53]} bxc4 {[%clk 0:08:18]} 24. Qxc4 {[%clk 0:16:02]} a5 {[%clk
0:06:48]} 25. Nd4 {[%clk 0:05:18]} Be4 {[%clk 0:05:45]} 26. Nb5 {[%clk
0:00:49]} Bxh1 {[%clk 0:04:01]} 27. Rxh1 {[%clk 0:01:11]} Rc8 {[%clk 0:01:49]}
28. Rc1 {[%clk 0:01:03]} Kf7 {[%clk 0:01:37]} 29. Nd4 {[%clk 0:01:23]} Qb4
{[%clk 0:01:54]} 30. Qd3 {[%clk 0:01:16]} Rb8 {[%clk 0:01:40]} 31. Rb1 {[%clk
0:01:14]} c5 {[%clk 0:00:37]} 32. dxc6 {[%clk 0:01:23]} Bxd4 {[%clk 0:00:43]}
33. Bxd4 {[%clk 0:01:44]} e5 {[%clk 0:01:04]} 34. Bc3 {[%clk 0:01:49]} Qc5
{[%clk 0:01:20]} 35. Qe4 {[%clk 0:01:50]} Kg7 {[%clk 0:01:16]} 36. Rd1 {[%clk
0:01:40]} Rxf2 {[%clk 0:00:54]} 37. Rg1 {[%clk 0:01:44]} g5 {[%clk 0:00:44]}
38. Qg4 {[%clk 0:01:48]} Rf4 {[%clk 0:00:39]} 39. Qd1 {[%clk 0:01:15]} Qxc6
{[%clk 0:00:43]} 40. Bxa5 {[%clk 0:00:40]} Ra4 {[%clk 0:00:40]} 41. Bc3 {[%clk
0:00:51]} Qc4 {[%clk 0:23:26]} 0-1

[Event "DEM U18w 2020"]
[Site "Willingen GER"]
[Date "2020.10.21"]
[Round "3"]
[White "Geletzke, Hannah"]
[Black "Rempe, Janne"]
[Result "1-0"]
[Termination "normal"]
[Board "9"]
[WhiteElo "1624"]
[BlackElo "1517"]
[WhiteClock "00:24:42"]
[BlackClock "00:35:06"]
[PlyCount "29"]
[WhiteFideId "12983330"]
[BlackFideId "16202392"]
[EventCountry "GER"]
[EventRounds "7"]
[EventType "swiss"]
[EventDate "2020.10.19"]

1. e4 {[%clk 1:30:57]} d6 {[%clk 1:30:44]} 2. d4 {[%clk 1:31:16]} Nf6 {[%clk
1:30:50]} 3. Nc3 {[%clk 1:31:37]} Nbd7 {[%clk 1:30:32]} 4. f4 {[%clk 1:31:20]}
e5 {[%clk 1:26:40]} 5. Nf3 {[%clk 1:30:05]} exd4 {[%clk 1:22:44]} 6. Qxd4
{[%clk 1:26:22]} Nc5 {[%clk 1:17:43]} 7. Be3 {[%clk 1:13:30]} Qe7 {[%clk
1:12:31]} 8. e5 {[%clk 1:06:10]} dxe5 {[%clk 1:10:41]} 9. Nxe5 {[%clk 0:49:53]}
Ng4 {[%clk 1:06:52]} 10. Nd5 {[%clk 0:41:05]} Nxe3 {[%clk 1:03:38]} 11. Qxe3
{[%clk 0:38:26]} Qh4+ {[%clk 0:46:04]} 12. g3 {[%clk 0:33:36]} Qh5 {[%clk
0:39:23]} 13. Nxc7+ {[%clk 0:27:20]} Kd8 {[%clk 0:38:20]} 14. Nxa8 {[%clk
0:24:42]} Qf5 {[%clk 0:35:06]} 15. O-O-O+ 1-0

[Event "DEM U18w 2020"]
[Site "Willingen GER"]
[Date "2020.10.21"]
[Round "3"]
[White "Tornay, Haizea"]
[Black "Dietz, Helena"]
[Result "1-0"]
[Termination "normal"]
[Board "10"]
[WhiteElo "1659"]
[BlackElo "1463"]
[WhiteClock "00:10:58"]
[BlackClock "00:03:27"]
[PlyCount "71"]
[WhiteFideId "16205758"]
[BlackFideId "16239016"]
[EventCountry "GER"]
[EventRounds "7"]
[EventType "swiss"]
[EventDate "2020.10.19"]

1. d4 {[%clk 1:30:57]} Nf6 {[%clk 1:30:52]} 2. c4 {[%clk 1:31:20]} g6 {[%clk
1:30:58]} 3. Nc3 {[%clk 1:31:44]} Bg7 {[%clk 1:31:16]} 4. e4 {[%clk 1:32:02]}
d6 {[%clk 1:31:26]} 5. Bd3 {[%clk 1:32:25]} O-O {[%clk 1:31:43]} 6. Nge2 {[%clk
1:32:45]} c5 {[%clk 1:30:54]} 7. d5 {[%clk 1:32:54]} e6 {[%clk 1:31:00]} 8. O-O
{[%clk 1:32:21]} exd5 {[%clk 1:30:42]} 9. exd5 {[%clk 1:32:32]} Re8 {[%clk
1:30:14]} 10. h3 {[%clk 1:27:27]} Na6 {[%clk 1:30:08]} 11. a3 {[%clk 1:26:07]}
Nc7 {[%clk 1:28:05]} 12. Rb1 {[%clk 1:24:28]} a6 {[%clk 1:26:10]} 13. b4 {[%clk
1:22:10]} Nd7 {[%clk 1:12:51]} 14. Ne4 {[%clk 1:13:21]} Nf6 {[%clk 0:52:16]}
15. Bg5 {[%clk 1:04:59]} cxb4 {[%clk 0:50:02]} 16. axb4 {[%clk 1:01:50]} h6
{[%clk 0:45:49]} 17. Nxf6+ {[%clk 0:57:08]} Bxf6 {[%clk 0:44:27]} 18. Bxh6
{[%clk 0:57:04]} Be5 {[%clk 0:43:20]} 19. Bf4 {[%clk 0:46:41]} Qh4 {[%clk
0:33:06]} 20. Bxe5 {[%clk 0:43:58]} Rxe5 {[%clk 0:31:52]} 21. Ng3 {[%clk
0:40:59]} Ne8 {[%clk 0:17:20]} 22. Qf3 {[%clk 0:36:33]} Nf6 {[%clk 0:16:15]}
23. Rfe1 {[%clk 0:35:42]} Bd7 {[%clk 0:10:12]} 24. Rxe5 {[%clk 0:33:45]} dxe5
{[%clk 0:10:39]} 25. Re1 {[%clk 0:30:26]} Re8 {[%clk 0:10:04]} 26. Ne4 {[%clk
0:29:01]} Nxe4 {[%clk 0:09:22]} 27. Rxe4 {[%clk 0:26:59]} Qg5 {[%clk 0:09:16]}
28. Qe3 {[%clk 0:23:08]} Qe7 {[%clk 0:08:26]} 29. Qe1 {[%clk 0:18:20]} Qg5
{[%clk 0:06:36]} 30. f4 {[%clk 0:14:20]} Qf5 {[%clk 0:03:55]} 31. fxe5 {[%clk
0:11:32]} Qg5 {[%clk 0:03:22]} 32. e6 {[%clk 0:10:18]} fxe6 {[%clk 0:03:39]}
33. dxe6 {[%clk 0:10:29]} Bc6 {[%clk 0:03:59]} 34. Rg4 {[%clk 0:10:45]} Qe7
{[%clk 0:03:11]} 35. Rxg6+ {[%clk 0:10:46]} Kh8 {[%clk 0:03:27]} 36. Qe5+
{[%clk 0:10:58]} 1-0